| 000 | 01238nam a22003617a 4500 | ||
|---|---|---|---|
| 003 | CHAP | ||
| 005 | 20220329143657.0 | ||
| 008 | 101217s1953 mx a r 00010 spa d | ||
| 010 | _a100187 | ||
| 011 | _a101159 | ||
| 035 | _a111846 | ||
| 040 | _cCHAP | ||
| 090 | _aFolleto 17875 | ||
| 100 | 0 | 0 |
_aWulfrath, Arturo. _9122835 |
| 245 | 1 | 0 |
_aEnjambrazón y emigración _c/por Arturo Wulfrath y Juan Joaquin Speck |
| 260 |
_aMéxico, D. F. : _bEdiciones Mexicanas, _c1953 |
||
| 300 |
_a2 v. : _bilus. |
||
| 490 |
_aEnciclopedia Apícola _v; 14 |
||
| 590 |
_aBATCH-UPD _b10 _c20130110 _lUCH01 _h1432 |
||
| 590 |
_aBATCH-UPD _b10 _c20130410 _lUCH01 _h0908 |
||
| 590 |
_aBATCH-UPD _b10 _c20130913 _lUCH01 _h1832 |
||
| 590 |
_aBATCH-UPD _b10 _c20130914 _lUCH01 _h1307 |
||
| 590 |
_aCONVERSION _b10 _c20130109 _lUCH01 _h1355 |
||
| 650 | 1 | 4 |
_aAbejas _xAnatomía y fisiología. _9184 |
| 650 | 1 | 4 |
_aAbejas _xHábitos y conducta. _9188 |
| 700 | 0 |
_aSpeck, Juan Joaquín. _9109173 |
|
| 830 |
_aEnciclopedia Apícola _v; 14 _936734 |
||
| 901 | _aBK | ||
| 911 | _aen proceso | ||
| 942 | _cFOLL | ||
| 949 |
_aFolleto 17875 _bBC _cFOLL _d33724002223272 _eTS1 _fv.2 _gDonaciØn _i111846 _sb |
||
| 949 |
_aFolleto 17875 _bBC _cFOLL _d33724002224009 _eTS1 _fv.1 _i111846 _sb |
||
| 999 |
_c100187 _d100187 |
||